Adyapanam sidhanthavum prayogavum/ (Record no. 181724)

000 -LEADER
fixed length control field 00447nam a22001697a 4500
020 ## - INTERNATIONAL STANDARD BOOK NUMBER
ISBN 9788194786801
082 ## - DEWEY DECIMAL CLASSIFICATION NUMBER
Classification number M 030
Item number SUV/A
100 ## - MAIN ENTRY--AUTHOR NAME
Personal name Suvitha Jinto putheveetil
245 ## - TITLE STATEMENT
Title Adyapanam sidhanthavum prayogavum/
Statement of responsibility, etc by Suvitha Jinto puthenveetil
260 ## - PUBLICATION, DISTRIBUTION, ETC. (IMPRINT)
Place of publication Kozhikkode:
Name of publisher Atma books,
Year of publication 2020.
300 ## - PHYSICAL DESCRIPTION
Number of Pages 432p.
650 ## - SUBJECT ADDED ENTRY--TOPICAL TERM
Topical Term K TET
650 ## - SUBJECT ADDED ENTRY--TOPICAL TERM
Topical Term HST UPST LPST
650 ## - SUBJECT ADDED ENTRY--TOPICAL TERM
Topical Term General Knowledge
650 ## - SUBJECT ADDED ENTRY--TOPICAL TERM
Topical Term General studies
942 ## - ADDED ENTRY ELEMENTS (KOHA)
Koha item type Book
Holdings
Withdrawn status Lost status Damaged status Not for loan Permanent Location Current Location Shelving location Date acquired Cost, normal purchase price Full call number Accession Number Price effective from Koha item type
        Sree Sankaracharya University of Sanskrit Sree Sankaracharya University of Sanskrit Stacks 21.05.2026 540.00 M 030 SUV/A 108880 21.05.2026 Book